000 00699nam a2200241 i 4500
001 bg
100 1 _aCzarny, Elżbieta.
245 1 0 _aMikroekonomia /
_cElżbieta Czarny.
260 _aWarszawa :
_bPolskie Wydawnictwo Ekonomiczne,
_c2006.
300 _a411 s. :
_bwykr. ;
_c24 cm.
504 _aBibliogr. - Indeks.
650 4 _aMikroekonomia
650 4 _aPodręczniki akademickie
020 _a8320816033
040 _cBPK
041 0 _apol
080 _a330.101.542
080 _a(075.8)
920 _a83-208-1603-3
942 _cKS
008 s pl f |000 0 pol
999 _c51404
_d51404
856 _uhttp://koha.tu.koszalin.pl/cgi-bin/koha/opac-detail.pl?biblionumber=51404
_yKatalog online BPK